Prediction of service life of rubber products based on arrhenius theory (Record no. 65472)

MARC details
000 -LEADER
fixed length control field 01809nam a2200217Ia 4500
100 ## - MAIN ENTRY--AUTHOR NAME
Personal name Joseph Joy
245 #0 - TITLE STATEMENT
Title Prediction of service life of rubber products based on arrhenius theory
260 ## - PUBLICATION, DISTRIBUTION, ETC. (IMPRINT)
Name of publisher Rubber Science
Year of publication 2019
300 ## - PHYSICAL DESCRIPTION
Number of Pages 83-93
520 ## - SUMMARY, ETC.
Summary, etc Different types of rubbers have different ageing properties. Service life of rubber products is determined by the differences in ageing properties of the rubbers used in the products and the conditions to which the products are exposed to during their service life. The present work is an attempt to predict the service life of products made up of nitrile rubber (NBR), ethylene propylene diene (EPDM) rubber and NR based on the Arrhenius theory. Logarithm of days in air to reduce the tensile strength to least serviceable level of 10 MPa for NBR and EPDM and 20 MPa for NR were plotted against 1/T where T is the temperature in Kelvin scale. When the results were extrapolated to 1/T for room temperature (3.3x10 -3), we got log days for room temperature as 7.5 for NBR. This indicates that the product made out of the formulation used can give a service life of 1808 days in air. In a similar way it was predicted that the service life of the NBR product of the formulation studied was only 992 days in sea water. Similarly the service life of EPDM and NR of the formulation used in the present study was estimated as 2208 days and 633 days, respectively in air, and that in sea water was estimated to be 854 days and 81 days, respectively.
650 ## - SUBJECT ADDED ENTRY--TOPICAL TERM
Topical Term Ageing
650 ## - SUBJECT ADDED ENTRY--TOPICAL TERM
Topical Term Ethylene propylene diene rubber
650 ## - SUBJECT ADDED ENTRY--TOPICAL TERM
Topical Term Natural rubber
650 ## - SUBJECT ADDED ENTRY--TOPICAL TERM
Topical Term Nitrile rubber
650 ## - SUBJECT ADDED ENTRY--TOPICAL TERM
Topical Term Service life
650 ## - SUBJECT ADDED ENTRY--TOPICAL TERM
Topical Term Tensile strength
700 ## - ADDED ENTRY--PERSONAL NAME
Personal name Jacob M.K
700 ## - ADDED ENTRY--PERSONAL NAME
Personal name Varkey K.J
942 ## - ADDED ENTRY ELEMENTS (KOHA)
Koha item type Journals
Holdings
Withdrawn status Lost status Damaged status Not for loan Home library Current library Shelving location Date acquired Serial Enumeration / chronology Koha item type
      Journals RRII Library RRII Library Rubber technology 17/12/2021 Volume 32, Issue 1 Journals